| 000 | 00465nam a22002057a 4500 | ||
|---|---|---|---|
| 003 | UA-OsUOA | ||
| 001 | 41977 | ||
| 007 | ta | ||
| 008 | 20081113b un ||||| |||| 00| 0 ukr d | ||
| 090 |
_a226 _bС25 |
||
| 942 | _cBK | ||
| 040 |
_aUA-OsUOA _bchu _cUA-OsUOA _dUA-OsUOA |
||
| 245 | _aСвяте Євангеліє | ||
| 955 | _a2 | ||
| 041 | _achu | ||
| 080 | _a226 | ||
| 260 | _c1948 | ||
| 650 | 7 |
_a22 Біблія. Святе писання _2UDC |
|
| 999 |
_c440473 _d440473 |
||